Central Library OPAC University of Rajshahi

The Earliest arithmetics in English / (Record no. 20210)

MARC details
000 -LEADER
fixed length control field 01798cam a22003371 4500
001 - CONTROL NUMBER
control field 20210
003 - CONTROL NUMBER IDENTIFIER
rucl marc code BD-RjUL
005 - DATE AND TIME OF LATEST TRANSACTION
control field 20211209000532.0
008 - FIXED-LENGTH DATA ELEMENTS--GENERAL INFORMATION
fixed length control field 140226s1922 enka b 000 0 eng
035 ## - SYSTEM CONTROL NUMBER
System control number (BD-RjUL)20272
System control number (OCoLC)4274901
040 ## - CATALOGING SOURCE
Original cataloging agency DLC
Transcribing agency CCC
Modifying agency OCoLC
-- DLC
-- BD-RjUL
Language of cataloging eng
041 1# - LANGUAGE CODE
Language code of text/sound track or separate title eng
Language code of original und
082 04 - DEWEY DECIMAL CLASSIFICATION NUMBER
Classification number 829.8
Author mark and year EAR 1922
245 04 - TITLE STATEMENT
Title The Earliest arithmetics in English /
Statement of responsibility, etc. ed. with introduction by Robert Steele.
260 ## - PUBLICATION, DISTRIBUTION, ETC. (IMPRINT)
Place of publication, distribution, etc. London :
Name of publisher, distributor, etc. Pub. for the Early English Text Society, by H. Milford, Oxford University Press,
Date of publication, distribution, etc. 1922.
300 ## - PHYSICAL DESCRIPTION
Pagination xviii, 84 p. :
Illustrations ills ;
Size 22 cm.
490 0# - SERIES STATEMENT
Series statement Early English Text Society. Extra series,
Volume/sequential designation no. CXVIII. 1922 (for 1916)
504 ## - BIBLIOGRAPHY, ETC. NOTE
Bibliography, etc Early English Text Society's list of publications, etc. (8 p.) at end.
505 0# - FORMATTED CONTENTS NOTE
Formatted contents note Introduction.--The crafte of nombrynge, a translation and amplification of one of the glosses on the De algorismo of Alexander de Villa Dei (Egerton ms. 2622)--The art of nombryng, a translation of John of Holywood's De arte numerandi (Ashmole ms. 396, fol. 48)--Accomptynge by counters, reprinted from the 1543 edition of Robert Record's Arithmetic, printed by R. Wolfe.--Appendix I. A treatise on the numeration of algorism (From a 14th century ms.) II. Carmen de algorismo, by Alexander de Villa Dei (B.M. ms., 8 C IV., with additions from 12 E. 1 & Eg. 2622)
650 #0 - SUBJECT ADDED ENTRY--TOPICAL TERM
Topical term or geographic name as entry element Arithmetic
General subdivision Early works to 1900.
9 (RLIN) 62291
Topical term or geographic name as entry element Mathematics
General subdivision History.
9 (RLIN) 62292
Topical term or geographic name as entry element Algorithms.
9 (RLIN) 62293
700 0# - ADDED ENTRY--PERSONAL NAME
Personal name Alexander,
Personal name Sacro Bosco, Joannes de,
Dates associated with a name active 1230.
Personal name Record, Robert,
Dates associated with a name 1510?-1558.
Personal name Steele, Robert,
Dates associated with a name 1860-1944,
Relator term ed.
942 ## - ADDED ENTRY ELEMENTS (KOHA)
Source of classification or shelving scheme Dewey Decimal Classification
Koha item type Books
Holdings
Lost status Source of classification or shelving scheme Damaged status Not for loan Permanent Location Current Location Shelving location Date acquired Source of acquisition Cost, normal purchase price Total Checkouts Full call number Date last seen Copy number Koha item type
  Dewey Decimal Classification   Not For Loan Central Library, University of Rajshahi Central Library, University of Rajshahi Reading Room 05/11/1956 Black Well 0.18   829.8 EAR 1922 27/02/2014 C-1 Books